000 00889cam a22002291ia4500
003 Ost
005 20250322122501.0
008 250320s1983 su f r f000 0 ara c
040 _aSA-MaUQU
_bara
_cSA-RiAUC
_erda
082 0 4 _a378.531025
_qSA-RiAUC
090 _a378.531025
_b ج ا م
110 2 _aجامعة أم القرى.
_bكلية العلوم الاجتماعية
_eمؤلف.
245 1 0 _aدليل قسم التاريخ الإسلامي.
264 1 _aمكة المكرمة :
_bجامعة أم القرى،
_c[1983]
300 _aمجلد
336 _aنص
_btxt
_2rdacontent
_3كتاب
337 _aبدون وسيط
_bn
_2rdamedia
338 _aمجلد
_bnc
_2rdacarrier
610 2 7 _aجامعة أم القرى.
_bكلية العلوم الاجتماعية.
_bقسم التاريخ
_vأدلة
_2aucnm
942 _2ddc
_cBOOK
_n0
949 _aSA-JeALM
_d250320
_umohamedma123
_n1
999 _c6557
_d6557